Fight game / (Record no. 57388)
[ view plain ]
| 000 -LEADER | |
|---|---|
| fixed length control field | 01701nam a22003737a 4500 |
| 005 - DATE AND TIME OF LATEST TRANSACTION | |
| control field | 20111007142627.0 |
| 010 ## - LCCN (DPL NO) | |
| LC control number | G-001712 |
| 020 ## - INTERNATIONAL STANDARD BOOK NUMBER | |
| International Standard Book Number | 9781905294237 |
| Terms of availability | 225.00 |
| 020 ## - INTERNATIONAL STANDARD BOOK NUMBER | |
| International Standard Book Number | 1905294239 |
| Terms of availability | 225.00 |
| 035 ## - SYSTEM CONTROL NUMBER | |
| System control number | G-001712 |
| 035 ## - SYSTEM CONTROL NUMBER | |
| System control number | G-001712 |
| 082 00 - DEWEY DECIMAL CLASSIFICATION NUMBER | |
| Classification number | N |
| 100 1# - MAIN ENTRY--PERSONAL NAME | |
| Personal name | Wild, K. |
| Fuller form of name | (Kate), |
| Dates associated with a name | 1954- |
| 245 10 - TITLE STATEMENT | |
| Title | Fight game / |
| Statement of responsibility, etc | Kate Wild. |
| 250 ## - EDITION STATEMENT | |
| Edition statement | 1st American ed. |
| 260 ## - PUBLICATION, DISTRIBUTION, ETC. (IMPRINT) | |
| Place of publication, distribution, etc | Somerset (U.K.): |
| Name of publisher, distributor, etc | Chicken House, |
| Date of publication, distribution, etc | 2007. |
| 260 ## - PUBLICATION, DISTRIBUTION, ETC. (IMPRINT) | |
| Place of publication, distribution, etc | New Delhi |
| Name of publisher, distributor, etc | Scholastic India |
| Date of publication, distribution, etc | 2007 (reprint). |
| 270 ## - ADDRESS | |
| Address | 2 palmer street, Frome, |
| City | Somerset U.K. |
| 300 ## - PHYSICAL DESCRIPTION | |
| Extent | 270 p. ; |
| Dimensions | 22 cm. (Pbk) |
| 520 ## - SUMMARY, ETC. | |
| Summary, etc | Fifteen-year-old Freedom Smith is a fighter, just like all of his relatives who have the "Hercules gene," which leads him to a choice between being jailed for attempted murder or working with a covert law enforcement agency to break up a mysterious, illegal fight ring. |
| 650 #0 - SUBJECT ADDED ENTRY--TOPICAL TERM | |
| Topical term or geographic name as entry element | Hand-to-hand fighting |
| Form subdivision | Juvenile fiction. |
| 650 #0 - SUBJECT ADDED ENTRY--TOPICAL TERM | |
| Topical term or geographic name as entry element | Spy stories. |
| 650 #0 - SUBJECT ADDED ENTRY--TOPICAL TERM | |
| Topical term or geographic name as entry element | Undercover operations |
| Form subdivision | Juvenile fiction. |
| 650 #0 - SUBJECT ADDED ENTRY--TOPICAL TERM | |
| Topical term or geographic name as entry element | Genetic engineering |
| Form subdivision | Juvenile fiction. |
| 650 #0 - SUBJECT ADDED ENTRY--TOPICAL TERM | |
| Topical term or geographic name as entry element | Science fiction. |
| 650 #1 - SUBJECT ADDED ENTRY--TOPICAL TERM | |
| Topical term or geographic name as entry element | Hand-to-hand fighting |
| Form subdivision | Fiction. |
| 650 #1 - SUBJECT ADDED ENTRY--TOPICAL TERM | |
| Topical term or geographic name as entry element | Spies |
| Form subdivision | Fiction. |
| 650 #1 - SUBJECT ADDED ENTRY--TOPICAL TERM | |
| Topical term or geographic name as entry element | Undercover operations |
| Form subdivision | Fiction. |
| 650 #1 - SUBJECT ADDED ENTRY--TOPICAL TERM | |
| Topical term or geographic name as entry element | Genetic engineering |
| Form subdivision | Fiction. |
| 650 #1 - SUBJECT ADDED ENTRY--TOPICAL TERM | |
| Topical term or geographic name as entry element | Science fiction. |
| 942 ## - ADDED ENTRY ELEMENTS (KOHA) | |
| Source of classification or shelving scheme | Dewey Decimal Classification |
| Item type | Children Books |
| Classification part | N |
| Call number suffix | WIL |
| Withdrawn status | Lost status | Not for loan | Collection code | Home library | Current library | Date acquired | Source of acquisition | Cost, normal purchase price | Full call number | Barcode | Copy number | Cost, replacement price | Koha item type |
|---|---|---|---|---|---|---|---|---|---|---|---|---|---|
| Fiction | Janak Puri | Janak Puri | 07/10/2011 | gift | 225.00 | N WIL | G-001712 | 1 | 225.00 | Children Books |
